| 000 | 01344nam a22003490a 4500 | ||
|---|---|---|---|
| 001 | PT4612 | ||
| 003 | AR-LpoUNG | ||
| 005 | 20210131231911.0 | ||
| 008 | 191001s1995||||ag |||||||||||||||||spa d | ||
| 020 |
_a9500000202 _c$3.79 |
||
| 040 |
_aAR-LpoUNG _bspa _cAR-LpoUNG _eaacr |
||
| 041 | _aspa | ||
| 044 | _aag | ||
| 082 | 0 | _a372 665C | |
| 245 | 1 | 0 | _aContenidos básicos comunes para la educación general básica |
| 250 | _a2ª edición | ||
| 260 |
_aBuenos Aires : _bConsejo Federal de Cultura y Educación, _c1995. |
||
| 300 |
_a357 p. : _bgráfs. |
||
| 520 | _aEste texto contiene resoluciones del Consejo Federal de Cultura y Educación, con los CBC para la educación general básica y los contenidos básicos comunes para la educación general básica (lengua, matemática, ciencias naturales, ciencias sociales, tecnología, educación artística, educación física, formación ética y ciudadana). | ||
| 650 | 4 | _aEDUCACION | |
| 650 | 4 | _aEFICIENCIA DEL DOCENTE | |
| 650 | 4 | _aFORMACION DE DOCENTES | |
| 650 | 4 | _aFORMACION DE DOCENTES | |
| 650 | 4 | _aPERSONAL DOCENTE | |
| 650 | 4 | _aPLANIFICACION DE LA EDUCACION | |
| 650 | 4 | _aPROGRAMAS DE EDUCACION | |
| 650 | 4 | _aPROYECTOS DE EDUCACION | |
| 651 | 4 | _aArgentina | |
| 710 | 2 | _aConsejo Federal de Cultura y Educación (Buenos Aires) | |
| 905 | _a4612 | ||
| 942 | _cLIB | ||
| 999 |
_c12483 _d12483 |
||